Розкидані долею, або моя відповідь яничарам (Запис № 442733)

МАРК-запис
000 -Лідер
fixed length control field 01038 a2200241 4500
003 - Ідентифікатор контрольного номера
control field UA-OsUOA
005 - Дата та час останнього входження (трансакції)
control field 20191223103659.0
008 - Елементи даних фіксованої довжини – загальна інформація
fixed length control field 191108b un ||||| |||| 00| 0 ukr d
040 ## - Джерело каталогізації
Агенція оригінальної каталогізації UA-OsUOA
Мова каталогізації ukr
Агенція, яка здійснювала перезапис UA-OsUOA
Агенція, яка здійснювала модифікацію UA-OsUOA
041 ## - Код мови
Код мови тексту/ звукової доріжки чи окремого заголовка (П) ukr
080 ## - Індекс Універсальної десяткової класифікації
Індекс Універсальної десяткової класифікації (УДК) (НП) 82-94
090 ## - Локальний шифр розміщення
Класифікаційний індекс УДК 82-94
Авторський знак (НП) Г 55
100 ## - Основне введення – ім’я особи
Ім’я особи (НП) Глушаниця П.
245 ## - Відомості про назву
Назва (НП) Розкидані долею, або моя відповідь яничарам
Дані про відповідальність (НП) П. Глушаниця
260 ## - Публікація, розповсюдження і т.п. (Вихідні дані)
Дата публікації, розповсюдження і т.п. (П) 1990
Місце публікації, розповсюдження і т.п. (П) Київ
300 ## - Фізичний опис
Обсяг 57 с.
520 ## - Резюме і т.п.
Резюме, реферат, анотація, тощо (НП) Спогади Павла Глушаниці.
650 ## - Додаткове предметне введення – тематичний термін
Тематичний термін чи географічна назва, як елемент введення (НП) 82-94 Історія як літературний жанр. Історичні твори. Історіографія. Хроніки. Аннали. Мемуари. Журнали. Щоденники. Біографії. Автобіографії
700 1# - Додаткове введення – ім'я особи
Ім’я особи (НП) Глушаниця П.
942 ## - Додаткові елементи входу (Коха)
Тип елемента Koha Книги
Source of classification or shelving scheme Universal Decimal Classification
955 ## - Код типу видання за змістом
Код типу видання за змістом (НП) Наукові видання
Фонди
Стан вилучень Стан втрат Джерело класифікації або схеми стелажів Стан уражень Не для кредиту Постійне місце розташування Поточне розміщення Дата придбання Джерело придбання Вартість, звичайна ціна покупки Інвентарний номер Усього замовленно Повний номер виклику Штрих-код Дата останнього перегляду Ціна ефективна від Тип елемента Koha
    Universal Decimal Classification     Наукова бібліотека ІДУД Наукова бібліотека ІДУД 02/10/2019 Акт надходження № 344/2019 (загальний 2.10.2019) 1.00 2139570   82-94 Г 55 2139570 08/11/2019 02/10/2019 Книги